One direction - Statistics

General Stats
  • This quiz has been taken 1,600 times
  • The average score is 10 of 11
Answer Stats
1D Hint 1D Answer % Correct
Last name Harry Styles
100%
Last name Niall Horan
99%
Last name Zayn Malik
99%
Last name Liam Payne
99%
Last name Louis Tomlinson
98%
Can Harry swim Yes
98%
Who is the flirt of the group Harry
95%
What name did Louis name his pigeon Kevin
92%
Who is the leader of the group Louis
92%
What place did 1D come in the X factor Third
83%
Louis's youngest sister Phoebe
43%
No matching quizzes found
Score Distribution
Percent of People with Each Score
Percentile by Number Answered
Your Score History
You have not taken this quiz